00000000nam##2200000za#4500
0019.534204
003CaOODSP
00520200327080209
007ta
008150406|2000||||xxc|||||     f|0| 0 eng|d
020 |a0-660-61405-7
040 |aCaOODSP|beng
041 |aeng
041 |afre
043 |an-cn---
0861 |aBT31-4/20-2000
1101 |aCanada. |bTreasury Board.
24510|aCanadian Artists and Producers Professional Relations Tribunal
260 |aOttawa - Ontario : |bTreasury Board of Canada Secretariat |c2000.
300 |aEnglish text, 23p. : |btables ; |c28 cm.
4901 |aPerformance report for the period ending March 31, 2000
546 |aBilingual
563 |aSoftcover
590 |a01-06|b2001-02-09
69007|aBudgets|2gcpds
69007|aFinancial management|2gcpds
69007|aProductivity|2gcpds
7760#|tCanadian Artists and Producers Professional Relations Tribunal, performance report for the period ending March 31, 2000 |w(CaOODSP)9.569026
7760#|tTribunal canadien des relations professionnelles artistes-producteurs, rapport sur le rendement pour la période se terminant le 31 mars 2000 |w(CaOODSP)9.600267
792 |tTribunal canadien des relations professionnelles artistes-producteurs |efre|w(CaOODSP)9.534205
830#0|aPerformance report for the period ending March 31, 2000.|w(CaOODSP)9.508978